[Event "Titled Tuesday intern op 23rd Apr Late"]
[Site "Chess.com INT"]
[Date "2024.04.23"]
[Round "4"]
[White "Wanyama, Harold"]
[Black "Corrales Jimenez, Fidel"]
[Result "0-1"]
[WhiteElo "2154"]
[BlackElo "2545"]
[PlyCount "58"]
[EventDate "2024.04.23"]
[EventType "swiss (blitz)"]
[EventRounds "11"]
[EventCountry "USA"]
[SourceTitle "CB18_2024"]
[SourceDate "2024.05.01"]
[SourceVersion "1"]
[SourceVersionDate "2024.05.01"]
[SourceQuality "2"]

1. d4 Nf6 2. c4 e6 3. g3 d5 4. Bg2 Be7 5. Nf3 0-0 6. 0-0 dxc4 7. Qc2 a6 8. a4 Bd7 9. Bg5 Bc6 10. Qxc4 Bd5 11. Qc2 Be4 12. Qc1 h6 13. Bxf6 Bxf6 14. Nc3 Bh7 15. e4 Nc6 16. e5 Be7 17. Rd1 Nb4 18. Rd2 c6 19. Qd1 a5 20. Qe2 Qb6 21. Ne4 Rfd8 22. h4 Rd7 23. Rad1 Rad8 24. g4 Nd5 25. Qe1 Bb4 26. g5 h5 27. Bf1 Bxd2 28. Rxd2 Qb4 29. Qd1 Bxe4 0-1

[Event "Africa-ch rapid"]
[Site "Accra"]
[Date "2024.03.10"]
[Round "6"]
[White "Arab, Adlane"]
[Black "Wanyama, Harold"]
[Result "1-0"]
[WhiteElo "2477"]
[BlackElo "2226"]
[PlyCount "145"]
[EventDate "2024.03.07"]
[EventType "swiss (rapid)"]
[EventRounds "6"]
[EventCountry "GHA"]
[SourceTitle "CB15_2024"]
[SourceDate "2024.04.10"]
[SourceVersion "1"]
[SourceVersionDate "2024.04.10"]
[SourceQuality "1"]

1. d4 d5 2. c4 e6 3. Nf3 Nf6 4. g3 Be7 5. Bg2 0-0 6. 0-0 dxc4 7. Qc2 a6 8. a4 Bd7 9. Qxc4 Bc6 10. Nc3 b5 11. Qd3 b4 12. Nb1 Be4 13. Qd1 c5 14. Nbd2 Bb7 15. dxc5 Bxc5 16. Nb3 Be7 17. Ne5 Bxg2 18. Kxg2 Qc8 19. Qd3 Nbd7 20. Bf4 Nxe5 21. Bxe5 Rd8 22. Qf3 Qc2 23. Rac1 Qe4 24. Bxf6 Qxf3+ 25. Kxf3 Bxf6 26. Rc2 Rd5 27. Rfc1 h5 28. Rc8+ Rxc8 29. Rxc8+ Kh7 30. Rc2 Rd1 31. Nc5 Ra1 32. Nxa6 Rxa4 33. Nc5 Ra2 34. Nd3 b3 35. Rc5 g6 36. Rb5 Bxb2 37. Rxb3 Bf6 38. Rb7 Kg8 39. Nc5 Rb2 40. Rc7 Bd4 41. Ne4 Rb8 42. Rd7 Be5 43. h3 Rc8 44. g4 hxg4+ 45. hxg4 Rc7 46. Nf6+ Kf8 47. Ke4 Bh2 48. Rd4 Rc8 49. g5 Bb8 50. e3 Bc7 51. Rd7 Bd8 52. f4 Bxf6 53. gxf6 Kg8 54. Ke5 Rc5+ 55. Kd6 Rf5 56. Ke7 e5 57. Rd8+ Kh7 58. fxe5 Rxe5+ 59. Kxf7 Rxe3 60. Rd1 Rh3 61. Rg1 Rh6 62. Rg5 Kh8 63. Rg2 Kh7 64. Rg1 Rh2 65. Kf8 Kh6 66. f7 Rf2 67. Kg8 g5 68. f8Q+ Rxf8+ 69. Kxf8 Kh5 70. Kf7 g4 71. Kf6 Kh4 72. Kf5 g3 73. Kf4 1-0

[Event "Africa-ch rapid"]
[Site "Accra"]
[Date "2024.03.10"]
[Round "2"]
[White "Fomevor, Cephas Clinton"]
[Black "Wanyama, Harold"]
[Result "0-1"]
[WhiteElo "1887"]
[BlackElo "2226"]
[PlyCount "73"]
[EventDate "2024.03.07"]
[EventType "swiss (rapid)"]
[EventRounds "6"]
[EventCountry "GHA"]
[SourceTitle "CB15_2024"]
[SourceDate "2024.04.10"]
[SourceVersion "1"]
[SourceVersionDate "2024.04.10"]
[SourceQuality "1"]

1. d4 d5 2. c4 e6 3. cxd5 exd5 4. Nc3 c6 5. Nf3 Bf5 6. Bg5 Nf6 7. e3 Be7 8. Bd3 Ne4 9. Bf4 0-0 10. 0-0 Nd7 11. Rc1 Re8 12. a3 Bf8 13. Na4 Bg6 14. b4 a5 15. Nc5 axb4 16. axb4 b6 17. Na6 Rc8 18. Qb3 b5 19. Rc2 Nb6 20. Nc5 Nc4 21. Bxe4 Bxe4 22. Nxe4 dxe4 23. Ne5 Nxe5 24. Bxe5 Qd5 25. Qb1 Ra8 26. Rfc1 Ra6 27. Bc7 Re6 28. Ba5 h5 29. Rc3 h4 30. h3 Rg6 31. R1c2 Kh7 32. Qf1 f5 33. Kh1 Bd6 34. Qe2 Kh6 35. Qe1 f4 36. f3 Rg3 37. exf4 0-1

[Event "Africa-ch rapid"]
[Site "Accra"]
[Date "2024.03.10"]
[Round "3"]
[White "Wanyama, Harold"]
[Black "Akpa, Prince"]
[Result "1-0"]
[WhiteElo "2226"]
[BlackElo "1845"]
[PlyCount "83"]
[EventDate "2024.03.07"]
[EventType "swiss (rapid)"]
[EventRounds "6"]
[EventCountry "GHA"]
[SourceTitle "CB15_2024"]
[SourceDate "2024.04.10"]
[SourceVersion "1"]
[SourceVersionDate "2024.04.10"]
[SourceQuality "1"]

1. d4 Nf6 2. c4 g6 3. Nc3 d6 4. e4 Bg7 5. f3 0-0 6. Be3 e5 7. Nge2 Nc6 8. d5 Ne7 9. c5 Ne8 10. Rc1 f5 11. Qc2 f4 12. Bf2 g5 13. b4 a5 14. b5 dxc5 15. Bxc5 b6 16. Bf2 Rf7 17. Na4 Nd6 18. Qxc7 Qxc7 19. Rxc7 Nxb5 20. Rc1 Rb8 21. Nxf4 Nd4 22. Nh5 Bd7 23. Nb2 Bf8 24. Bxd4 exd4 25. d6 b5 26. dxe7 Bxe7 27. Nd3 Be6 28. Ne5 Bxa2 29. Nxf7 Kxf7 30. Rc7 b4 31. Bd3 Ke8 32. Ke2 Bf7 33. Ng7+ Kf8 34. Nf5 Bd8 35. Rd7 a4 36. Nxd4 Ke8 37. Nc6 Kxd7 38. Nxb8+ Kc8 39. Nc6 b3 40. Nxd8 Kxd8 41. Ra1 Be8 42. Kd2 1-0

[Event "Africa-chT rapid 13th"]
[Site "Accra"]
[Date "2024.03.09"]
[Round "6.11"]
[White "Paiva, Donaldo"]
[Black "Wanyama, Harold"]
[Result "0-1"]
[WhiteElo "2172"]
[BlackElo "2226"]
[PlyCount "68"]
[EventDate "2024.03.09"]
[EventType "team-swiss (rapid)"]
[EventRounds "6"]
[EventCountry "GHA"]
[SourceTitle "CB11_2024"]
[SourceDate "2024.03.13"]
[SourceVersion "1"]
[SourceVersionDate "2024.03.13"]
[SourceQuality "1"]
[WhiteTeam "Mozambique"]
[BlackTeam "Uganda"]
[WhiteTeamCountry "MOZ"]
[BlackTeamCountry "UGA"]

1. e4 c5 2. Nf3 e6 3. d3 Nc6 4. g3 Nf6 5. Bg2 d5 6. Nbd2 b6 7. 0-0 Bb7 8. e5 Nd7 9. Re1 g5 10. g4 Bg7 11. c4 Ncxe5 12. cxd5 Bxd5 13. Ne4 Nxf3+ 14. Bxf3 Ne5 15. Bg2 h6 16. f4 gxf4 17. Bxf4 0-0 18. g5 hxg5 19. Nxg5 Bxg2 20. Rxe5 Bb7 21. Qh5 Qxd3 22. Qg4 Rad8 23. Rae1 Qg6 24. h4 Rd4 25. h5 Qf6 26. Nh3 Kh7 27. Qg3 Rg8 28. Rg5 Rxf4 29. Nxf4 Bh6 30. Rxg8 Bxf4 31. Qg4 Qd4+ 32. Kf1 Ba6+ 33. Kg2 Qd2+ 34. Kf3 Bb7+ 0-1

[Event "Africa-chT rapid 13th"]
[Site "Accra"]
[Date "2024.03.09"]
[Round "3.5"]
[White "Wanyama, Harold"]
[Black "Arab, Adlane"]
[Result "0-1"]
[WhiteElo "2226"]
[BlackElo "2477"]
[PlyCount "88"]
[EventDate "2024.03.09"]
[EventType "team-swiss (rapid)"]
[EventRounds "6"]
[EventCountry "GHA"]
[SourceTitle "CB11_2024"]
[SourceDate "2024.03.13"]
[SourceVersion "1"]
[SourceVersionDate "2024.03.13"]
[SourceQuality "1"]
[WhiteTeam "Uganda"]
[BlackTeam "Algeria"]
[WhiteTeamCountry "UGA"]
[BlackTeamCountry "ALG"]

1. d4 Nf6 2. c4 e6 3. g3 d5 4. Bg2 Bb4+ 5. Bd2 Be7 6. Nf3 Nbd7 7. 0-0 0-0 8. cxd5 exd5 9. Nc3 c6 10. Qc2 Re8 11. a3 Bd6 12. Ne1 Nb6 13. b3 a5 14. a4 Qe7 15. e3 Bg4 16. h3 Bh5 17. Bc1 Bg6 18. Qd1 Nbd7 19. Bb2 h6 20. Nd3 Ne4 21. Ne2 Bh7 22. Nef4 Ng5 23. h4 Ne4 24. Re1 Bf5 25. Bf3 g5 26. hxg5 hxg5 27. Nh5 Bg6 28. Kg2 f6 29. Rh1 Kf7 30. Bg4 f5 31. Be2 Rh8 32. g4 Bxh5 33. gxh5 g4 34. Qc2 Rh6 35. Nf4 Bxf4 36. exf4 Rah8 37. Bc1 Rxh5 38. Be3 Rxh1 39. Rxh1 Rxh1 40. Kxh1 Qh4+ 41. Kg1 g3 42. Bf3 Qh2+ 43. Kf1 gxf2 44. Bxe4 Qg1+ 0-1

[Event "Wch Blitz"]
[Site "Samarkand"]
[Date "2023.12.30"]
[Round "18"]
[White "Wanyama, Harold"]
[Black "Ilkhomi, Jaloliddin"]
[Result "0-1"]
[WhiteElo "2238"]
[BlackElo "2222"]
[PlyCount "55"]
[EventDate "2023.12.29"]
[EventType "swiss (blitz)"]
[EventRounds "21"]
[EventCountry "UZB"]
[SourceTitle "CB01_2024"]
[SourceDate "2024.01.03"]
[SourceVersion "1"]
[SourceVersionDate "2024.01.03"]
[SourceQuality "1"]

1. d4 Nf6 2. c4 e6 3. g3 d5 4. Bg2 b6 5. cxd5 exd5 6. Nc3 Bb7 7. Nf3 a6 8. Ne5 Bd6 9. 0-0 0-0 10. Bg5 c6 11. Rc1 h6 12. Bd2 Nbd7 13. f4 c5 14. e3 Ne4 15. Nxe4 dxe4 16. Qc2 Nf6 17. Rfd1 cxd4 18. exd4 Rc8 19. Qb1 Bxe5 20. dxe5 Qd4+ 21. Kh1 Ng4 22. h3 Nf2+ 23. Kh2 Nxd1 24. Rxd1 Rfd8 25. h4 Ba8 26. e6 fxe6 27. Bh3 Qf2+ 28. Bg2 0-1

[Event "Wch Blitz"]
[Site "Samarkand"]
[Date "2023.12.29"]
[Round "11"]
[White "Zilka, Stepan"]
[Black "Wanyama, Harold"]
[Result "0-1"]
[WhiteElo "2615"]
[BlackElo "2238"]
[PlyCount "46"]
[EventDate "2023.12.29"]
[EventType "swiss (blitz)"]
[EventRounds "21"]
[EventCountry "UZB"]
[SourceTitle "CB01_2024"]
[SourceDate "2024.01.03"]
[SourceVersion "1"]
[SourceVersionDate "2024.01.03"]
[SourceQuality "1"]

1. e4 c5 2. Nf3 e6 3. d4 cxd4 4. Nxd4 Nc6 5. Nc3 Qc7 6. g3 a6 7. Bg2 Nf6 8. 0-0 Nxd4 9. Qxd4 Bc5 10. Bf4 d6 11. Qd2 Bb4 12. Nb5 axb5 13. Qxb4 e5 14. Bg5 Bd7 15. Rad1 Ra6 16. f4 Ng4 17. fxe5 Qb6+ 18. Kh1 Nf2+ 19. Rxf2 Qxf2 20. exd6 0-0 21. Qb3 Rxd6 22. Rf1 Qe2 23. e5 Rd1 0-1

[Event "Titled Tuesday intern op 19th Dec Early"]
[Site "Chess.com INT"]
[Date "2023.12.19"]
[Round "8"]
[White "Tifferet, Shaked"]
[Black "Wanyama, Harold"]
[Result "1-0"]
[WhiteElo "2334"]
[BlackElo "2238"]
[PlyCount "113"]
[EventDate "2023.12.19"]
[EventType "swiss (blitz)"]
[EventRounds "11"]
[EventCountry "USA"]
[SourceTitle "CB52_2023"]
[SourceDate "2023.12.27"]
[SourceVersion "1"]
[SourceVersionDate "2023.12.27"]
[SourceQuality "1"]

1. e4 c5 2. Nf3 e6 3. b3 Nc6 4. Bb2 Nf6 5. e5 Nd5 6. Bd3 Be7 7. 0-0 0-0 8. Re1 f5 9. exf6 Bxf6 10. Nc3 Nf4 11. Bf1 d5 12. Na4 b6 13. d4 Qd6 14. g3 Ng6 15. dxc5 bxc5 16. Bxf6 Rxf6 17. Bg2 Bd7 18. Nc3 Raf8 19. Ne4 Qe7 20. Nxf6+ Qxf6 21. Qd2 h6 22. Rad1 d4 23. c3 e5 24. cxd4 exd4 25. h4 Bg4 26. Nh2 Bxd1 27. Rxd1 Kh8 28. Rc1 Qd6 29. Be4 Nge5 30. f4 Nb4 31. fxe5 Qxe5 32. Qg2 d3 33. Rd1 Qd4+ 34. Kh1 Rf2 35. Nf3 Qe3 36. Re1 Qxe1+ 37. Nxe1 Rxg2 38. Nxg2 d2 39. Ne3 Nxa2 40. Kg2 Nc1 41. Bc2 Ne2 42. Kf2 Nd4 43. Bd1 a5 44. Nc4 Nb5 45. Nxd2 Nc3 46. Bc2 g5 47. hxg5 hxg5 48. Ne4 Nb5 49. Nxc5 Nd4 50. Bd1 Kg7 51. Nb7 Nc6 52. Nd6 Kf6 53. Nc4 Ke6 54. Ke3 Kd5 55. Bf3+ Kc5 56. Bxc6 a4 57. Bxa4 1-0

[Event "Titled Tuesday intern op 19th Dec Early"]
[Site "Chess.com INT"]
[Date "2023.12.19"]
[Round "7"]
[White "Wanyama, Harold"]
[Black "Rose, Felix"]
[Result "1-0"]
[WhiteElo "2238"]
[BlackElo "2091"]
[PlyCount "51"]
[EventDate "2023.12.19"]
[EventType "swiss (blitz)"]
[EventRounds "11"]
[EventCountry "USA"]
[SourceTitle "CB52_2023"]
[SourceDate "2023.12.27"]
[SourceVersion "1"]
[SourceVersionDate "2023.12.27"]
[SourceQuality "1"]

1. d4 d5 2. c4 e6 3. g3 Nf6 4. Bg2 dxc4 5. Nf3 a6 6. a4 Nc6 7. 0-0 Rb8 8. a5 Bb4 9. Qa4 Qe7 10. Ne5 0-0 11. Bxc6 bxc6 12. Nxc6 Qd6 13. Nxb8 Bb7 14. Nc3 Rxb8 15. Bf4 Qxd4 16. Qxb4 e5 17. Be3 Qg4 18. f3 Qh3 19. Rf2 e4 20. Ba7 e3 21. Bxe3 h5 22. Qxc4 Re8 23. Bg5 Ng4 24. fxg4 h4 25. Qxf7+ Kh7 26. Qh5+ 1-0

[Event "Titled Tuesday intern op 12th Dec Early"]
[Site "Chess.com INT"]
[Date "2023.12.12"]
[Round "11"]
[White "Arslanov, Shamil"]
[Black "Wanyama, Harold"]
[Result "0-1"]
[WhiteElo "2410"]
[BlackElo "2238"]
[PlyCount "104"]
[EventDate "2023.12.12"]
[EventType "swiss (blitz)"]
[EventRounds "11"]
[EventCountry "USA"]
[SourceTitle "CB51_2023"]
[SourceDate "2023.12.20"]
[SourceVersion "1"]
[SourceVersionDate "2023.12.20"]
[SourceQuality "1"]

1. e4 c5 2. a3 Nc6 3. b4 cxb4 4. axb4 Nxb4 5. c3 Nc6 6. d4 d5 7. exd5 Qxd5 8. Na3 Qd8 9. d5 Ne5 10. Bf4 Ng6 11. Bg3 e5 12. Nf3 Bd6 13. Nb5 Nf6 14. Bd3 0-0 15. Bxg6 hxg6 16. c4 Bb4+ 17. Kf1 e4 18. Nfd4 a6 19. Nc7 Ra7 20. Ndb5 axb5 21. Rxa7 bxc4 22. Qd4 Bd6 23. Nb5 Bxg3 24. hxg3 Qxd5 25. Qxd5 Nxd5 26. f3 e3 27. g4 f5 28. gxf5 Bxf5 29. Rh4 Bd3+ 30. Ke1 c3 31. Nxc3 Nxc3 32. Ra3 Rc8 33. Rd4 Ba6 34. Rd7 e2 35. Ra1 g5 36. Rd4 Nd1 37. Rd2 Ne3 38. Kf2 Nc2 39. Rc1 e1Q+ 40. Rxe1 Nxe1 41. Kxe1 Re8+ 42. Kf2 Re7 43. Rd5 g4 44. fxg4 Re2+ 45. Kf3 Rb2 46. Rd7 Bb5 47. Rc7 Bc6+ 48. Kf4 Rxg2 49. Kf5 Kh7 50. Re7 Rf2+ 51. Kg5 Rf6 52. Rc7 b5 0-1

[Event "Titled Tuesday intern op 05th Sep Late"]
[Site "Chess.com INT"]
[Date "2023.09.05"]
[Round "6"]
[White "Wanyama, Harold"]
[Black "Haszon, David"]
[Result "1-0"]
[WhiteElo "2288"]
[BlackElo "2250"]
[PlyCount "45"]
[EventDate "2023.09.05"]
[EventType "swiss (blitz)"]
[EventRounds "11"]
[EventCountry "USA"]
[SourceTitle "EXT 2024"]
[Source "ChessBase"]
[SourceDate "2023.10.10"]
[SourceVersion "1"]
[SourceVersionDate "2023.10.10"]
[SourceQuality "1"]

1. d4 a6 2. e4 b5 3. Bd3 Bb7 4. Nf3 e6 5. Nbd2 c5 6. c3 d5 7. exd5 Bxd5 8. a4 c4 9. Bc2 Nc6 10. 0-0 Nf6 11. Re1 Bd6 12. Nf1 b4 13. Ne3 0-0 14. Qe2 b3 15. Bb1 Na5 16. Ne5 Rc8 17. Nxd5 exd5 18. Bg5 Re8 19. Qf3 Nc6 20. Qf5 Re6 21. Bxf6 gxf6 22. Qxh7+ Kf8 23. Qxf7# 1-0

[Event "Titled Tuesday intern op 05th Sep Late"]
[Site "Chess.com INT"]
[Date "2023.09.05"]
[Round "9"]
[White "Wanyama, Harold"]
[Black "Mendez Fortes, Eduardo Jesus"]
[Result "1-0"]
[WhiteElo "2288"]
[BlackElo "2231"]
[PlyCount "85"]
[EventDate "2023.09.05"]
[EventType "swiss (blitz)"]
[EventRounds "11"]
[EventCountry "USA"]
[SourceTitle "EXT 2024"]
[Source "ChessBase"]
[SourceDate "2023.10.10"]
[SourceVersion "1"]
[SourceVersionDate "2023.10.10"]
[SourceQuality "1"]

1. d4 Nf6 2. c4 e6 3. g3 d5 4. Bg2 dxc4 5. Nf3 a6 6. a4 Nc6 7. 0-0 Be7 8. Na3 Na5 9. Qc2 Nb3 10. Ra2 Bxa3 11. Rxa3 Nxd4 12. Nxd4 Qxd4 13. Rd1 Qc5 14. Rc3 0-0 15. Rxc4 Qb6 16. Be3 Qa5 17. b4 Qh5 18. Bf3 Qg6 19. Qxg6 hxg6 20. Rxc7 Rb8 21. a5 e5 22. Ba7 Ra8 23. Bc5 Re8 24. Bxb7 Bxb7 25. Rxb7 e4 26. Rd6 Re6 27. Rxe6 fxe6 28. h3 Nd5 29. Bd4 Nf6 30. g4 g5 31. e3 Re8 32. Be5 Nd5 33. Rxg7+ Kf8 34. Rb7 Rc8 35. b5 Rc1+ 36. Kg2 axb5 37. a6 Rc2 38. Kg3 Ra2 39. a7 Nb6 40. Bd4 Nc8 41. Rb8 e5 42. Bc5+ Kf7 43. Rxc8 1-0